<?xml version="1.0" encoding="UTF-8"?>
<record
    xmlns:xsi="http://www.w3.org/2001/XMLSchema-instance"
    xsi:schemaLocation="http://www.loc.gov/MARC21/slim http://www.loc.gov/standards/marcxml/schema/MARC21slim.xsd"
    xmlns="http://www.loc.gov/MARC21/slim">

  <leader>04575cam a22005774i 4500</leader>
  <controlfield tag="003">PE-LiUPU</controlfield>
  <controlfield tag="005">20250731180107.0</controlfield>
  <controlfield tag="008">150623s1994    mx a    r     000 0 spa d</controlfield>
  <datafield tag="020" ind1=" " ind2=" ">
    <subfield code="a">9687270470</subfield>
  </datafield>
  <datafield tag="020" ind1=" " ind2=" ">
    <subfield code="a">9789687270470</subfield>
  </datafield>
  <datafield tag="035" ind1=" " ind2=" ">
    <subfield code="a">(Sirsi) i9789687270470</subfield>
  </datafield>
  <datafield tag="040" ind1=" " ind2=" ">
    <subfield code="a">PE-LiUPU</subfield>
    <subfield code="b">spa</subfield>
    <subfield code="c">PE-LiUPU</subfield>
    <subfield code="e">rda</subfield>
  </datafield>
  <datafield tag="049" ind1=" " ind2=" ">
    <subfield code="a">PRUA</subfield>
  </datafield>
  <datafield tag="082" ind1="0" ind2="4">
    <subfield code="a">547.3</subfield>
    <subfield code="b">M12</subfield>
    <subfield code="2">21</subfield>
  </datafield>
  <datafield tag="100" ind1="1" ind2=" ">
    <subfield code="a">McMurry, John,</subfield>
    <subfield code="e">autor.</subfield>
  </datafield>
  <datafield tag="245" ind1="1" ind2="0">
    <subfield code="a">Qu&#xED;mica org&#xE1;nica /</subfield>
    <subfield code="c">John McMurry.</subfield>
  </datafield>
  <datafield tag="264" ind1=" " ind2="1">
    <subfield code="a">M&#xE9;xico :</subfield>
    <subfield code="b">Grupo editorial Iberoam&#xE9;rica,</subfield>
    <subfield code="c">1994.</subfield>
  </datafield>
  <datafield tag="300" ind1=" " ind2=" ">
    <subfield code="a">1278 p&#xE1;ginas :</subfield>
    <subfield code="b">ilustraciones ;</subfield>
    <subfield code="c">25 cent&#xED;metros</subfield>
  </datafield>
  <datafield tag="336" ind1=" " ind2=" ">
    <subfield code="a">text</subfield>
    <subfield code="2">rdacontent</subfield>
  </datafield>
  <datafield tag="337" ind1=" " ind2=" ">
    <subfield code="a">unmediated</subfield>
    <subfield code="2">rdamedia</subfield>
  </datafield>
  <datafield tag="338" ind1=" " ind2=" ">
    <subfield code="a">volume</subfield>
    <subfield code="2">rdacarrier</subfield>
  </datafield>
  <datafield tag="504" ind1=" " ind2=" ">
    <subfield code="a">&#xCD;ndice: p&#xE1;ginas 1247-1278.</subfield>
  </datafield>
  <datafield tag="505" ind1="0" ind2=" ">
    <subfield code="a">Estructura y enlace -- Enlace qu&#xED;mico y propiedades moleculares -- Naturaleza de los compuestos org&#xE1;nicos: Alcanos y cicloalcanos -- Estereoqu&#xED;mica de alcanos y cicloalcanos -- Panorama general de las reacciones org&#xE1;nicas -- Estructura y reactividad -- Reacciones y s&#xED;ntesis -- Alquinos. -Estereoqu&#xED;mica -- Halogenuros de alquilo -- Reacciones de los halogenuros de alquilo: Sustituciones nucleof&#xED;licas y eliminaciones -- Determinaci&#xF3;n de estructuras: espectroscopia de masa y espectroscopia de infrarrojo -- Determinaci&#xF3;n de estructuras: espectroscopia de resonancia magn&#xE9;tica nuclear -- Dienos conjugados y espectroscopia de ultravioleta -- Benceno y aromaticidad -- Qu&#xED;mica del benceno: sustituci&#xF3;n electrof&#xED;lica arom&#xE1;tica -- Alcoholes y tioles -- &#xC9;teres, ep&#xF3;xidos y sulfuros -- Aldeh&#xED;dos y cetonas: reacciones de adici&#xF3;n nucleof&#xED;lica -- &#xC1;cidos carbox&#xED;licos -- Derivados de &#xE1;cidos carbox&#xED;licos y reacciones de sustituci&#xF3;n -- Reacciones de sustituci&#xF3;n alfa de grupos carbonilo -- Carbohidratos -- Aminas alif&#xE1;ticas -- Arilaminas y fenoles -- Amino&#xE1;cidos, p&#xE9;ptidos y prote&#xED;nas -- L&#xED;pidos -- Heterociclos y &#xE1;cidos nucleicos -- Orbitales y quimia org&#xE1;nica: reacciones peric&#xED;clicas -- Pol&#xED;meros sint&#xE9;ticos.Estructura y enlace -- Enlace qu&#xED;mico y propiedades moleculares -- Naturaleza de los compuestos org&#xE1;nicos: Alcanos y cicloalcanos -- Estereoqu&#xED;mica de alcanos y cicloalcanos -- Panorama general de las reacciones org&#xE1;nicas -- Estructura y reactividad -- Reacciones y s&#xED;ntesis -- Alquinos. -Estereoqu&#xED;mica -- Halogenuros de alquilo -- Reacciones de los halogenuros de alquilo: Sustituciones nucleof&#xED;licas y eliminaciones -- Determinaci&#xF3;n de estructuras: espectroscopia de masa y espectroscopia de infrarrojo -- Determinaci&#xF3;n de estructuras: espectroscopia de resonancia magn&#xE9;tica nuclear -- Dienos conjugados y espectroscopia de ultravioleta -- Benceno y aromaticidad -- Qu&#xED;mica del benceno: sustituci&#xF3;n electrof&#xED;lica arom&#xE1;tica -- Alcoholes y tioles -- &#xC9;teres, ep&#xF3;xidos y sulfuros -- Aldeh&#xED;dos y cetonas: reacciones de adici&#xF3;n nucleof&#xED;lica -- &#xC1;cidos carbox&#xED;licos -- Derivados de &#xE1;cidos carbox&#xED;licos y reacciones de sustituci&#xF3;n -- Reacciones de sustituci&#xF3;n alfa de grupos carbonilo -- Carbohidratos -- Aminas alif&#xE1;ticas -- Arilaminas y fenoles -- Amino&#xE1;cidos, p&#xE9;ptidos y prote&#xED;nas -- L&#xED;pidos -- Heterociclos y &#xE1;cidos nucleicos -- Orbitales y quimia org&#xE1;nica: reacciones peric&#xED;clicas -- Pol&#xED;meros sint&#xE9;ticos.</subfield>
  </datafield>
  <datafield tag="526" ind1=" " ind2=" ">
    <subfield code="a">SEG44</subfield>
  </datafield>
  <datafield tag="526" ind1=" " ind2=" ">
    <subfield code="a">SEG26</subfield>
  </datafield>
  <datafield tag="526" ind1=" " ind2=" ">
    <subfield code="a">P159</subfield>
  </datafield>
  <datafield tag="526" ind1=" " ind2=" ">
    <subfield code="a">P155</subfield>
  </datafield>
  <datafield tag="526" ind1=" " ind2=" ">
    <subfield code="a">P154</subfield>
  </datafield>
  <datafield tag="526" ind1=" " ind2=" ">
    <subfield code="a">P153</subfield>
  </datafield>
  <datafield tag="526" ind1=" " ind2=" ">
    <subfield code="a">P150</subfield>
  </datafield>
  <datafield tag="526" ind1=" " ind2=" ">
    <subfield code="a">P100</subfield>
  </datafield>
  <datafield tag="526" ind1=" " ind2=" ">
    <subfield code="a">P31</subfield>
  </datafield>
  <datafield tag="526" ind1=" " ind2=" ">
    <subfield code="a">P30</subfield>
  </datafield>
  <datafield tag="526" ind1=" " ind2=" ">
    <subfield code="a">P26</subfield>
  </datafield>
  <datafield tag="526" ind1=" " ind2=" ">
    <subfield code="a">P25</subfield>
  </datafield>
  <datafield tag="526" ind1=" " ind2=" ">
    <subfield code="a">P24</subfield>
  </datafield>
  <datafield tag="526" ind1=" " ind2=" ">
    <subfield code="a">P22</subfield>
  </datafield>
  <datafield tag="526" ind1=" " ind2=" ">
    <subfield code="a">P15</subfield>
  </datafield>
  <datafield tag="526" ind1=" " ind2=" ">
    <subfield code="a">P10</subfield>
  </datafield>
  <datafield tag="650" ind1="0" ind2="4">
    <subfield code="a">Qu&#xED;mica org&#xE1;nica.</subfield>
    <subfield code="9">2142</subfield>
  </datafield>
  <datafield tag="910" ind1=" " ind2=" ">
    <subfield code="a">dbm</subfield>
    <subfield code="b">ncf</subfield>
    <subfield code="c">ncf</subfield>
    <subfield code="d">20190429</subfield>
  </datafield>
  <datafield tag="942" ind1=" " ind2=" ">
    <subfield code="2">ddc</subfield>
    <subfield code="c">BOOK</subfield>
  </datafield>
  <datafield tag="949" ind1=" " ind2=" ">
    <subfield code="a">547.3 M12</subfield>
    <subfield code="w">DEWEY</subfield>
    <subfield code="c">1</subfield>
    <subfield code="i">37409</subfield>
    <subfield code="d">2016-10-11</subfield>
    <subfield code="e">2016-10-11</subfield>
    <subfield code="l">CCODEBUL1</subfield>
    <subfield code="m">BUL</subfield>
    <subfield code="n">1</subfield>
    <subfield code="r">0</subfield>
    <subfield code="s">Y</subfield>
    <subfield code="t">BOOK</subfield>
    <subfield code="u">2015-6-24</subfield>
    <subfield code="x">INGENIERIA</subfield>
    <subfield code="z">UNKNOWN</subfield>
    <subfield code="0">COMPRA</subfield>
    <subfield code="o">.STAFF. Colecci&#xF3;n General</subfield>
  </datafield>
  <datafield tag="949" ind1=" " ind2=" ">
    <subfield code="a">547.3 M12</subfield>
    <subfield code="w">DEWEY</subfield>
    <subfield code="c">2</subfield>
    <subfield code="i">43961</subfield>
    <subfield code="d">2016-9-25</subfield>
    <subfield code="e">2016-9-21</subfield>
    <subfield code="l">CCODEBUL1</subfield>
    <subfield code="m">BUL</subfield>
    <subfield code="n">3</subfield>
    <subfield code="r">0</subfield>
    <subfield code="s">Y</subfield>
    <subfield code="t">BOOK</subfield>
    <subfield code="u">2015-6-24</subfield>
    <subfield code="x">INGENIERIA</subfield>
    <subfield code="z">UNKNOWN</subfield>
    <subfield code="0">COMPRA</subfield>
    <subfield code="o">.STAFF. Colecci&#xF3;n Ingenier&#xED;a y Arquitectura</subfield>
  </datafield>
  <datafield tag="994" ind1=" " ind2=" ">
    <subfield code="a">C0</subfield>
    <subfield code="b">PEPRU</subfield>
  </datafield>
  <datafield tag="596" ind1=" " ind2=" ">
    <subfield code="a">1</subfield>
  </datafield>
  <datafield tag="999" ind1=" " ind2=" ">
    <subfield code="a">547.3 M12</subfield>
    <subfield code="w">DEWEY</subfield>
    <subfield code="c">20836</subfield>
    <subfield code="i">37409</subfield>
    <subfield code="d">20836</subfield>
    <subfield code="e">2018-11-18</subfield>
    <subfield code="f">2019-12-11</subfield>
    <subfield code="g">6</subfield>
    <subfield code="l">DISCARD</subfield>
    <subfield code="m">BUL</subfield>
    <subfield code="n">2</subfield>
    <subfield code="q">4</subfield>
    <subfield code="r">1</subfield>
    <subfield code="s">Y</subfield>
    <subfield code="t">BOOK</subfield>
    <subfield code="u">2015-6-24</subfield>
    <subfield code="x">INGENIERIA</subfield>
    <subfield code="z">UNKNOWN</subfield>
    <subfield code="0">COMPRA</subfield>
    <subfield code="o">.STAFF. Colecci&#xF3;n General</subfield>
  </datafield>
  <datafield tag="999" ind1=" " ind2=" ">
    <subfield code="a">547.3 M12</subfield>
    <subfield code="w">DEWEY</subfield>
    <subfield code="c">2</subfield>
    <subfield code="i">43961</subfield>
    <subfield code="d">2022-5-25</subfield>
    <subfield code="e">2022-5-19</subfield>
    <subfield code="f">2021-11-5</subfield>
    <subfield code="g">8</subfield>
    <subfield code="l">CCODEBUL1</subfield>
    <subfield code="m">BUL</subfield>
    <subfield code="n">8</subfield>
    <subfield code="p">45.00</subfield>
    <subfield code="q">17</subfield>
    <subfield code="r">0</subfield>
    <subfield code="s">Y</subfield>
    <subfield code="t">BOOK</subfield>
    <subfield code="u">2015-6-24</subfield>
    <subfield code="x">BIBLIOTECA</subfield>
    <subfield code="P">P26</subfield>
    <subfield code="0">COMPRA</subfield>
    <subfield code="o">.STAFF. Colecci&#xF3;n Ingenier&#xED;a y Arquitectura</subfield>
  </datafield>
  <datafield tag="980" ind1=" " ind2=" ">
    <subfield code="8">1</subfield>
    <subfield code="g">ALBERTO SANCHEZ Responsable de Automatizaci&#xF3;n</subfield>
  </datafield>
  <datafield tag="952" ind1=" " ind2=" ">
    <subfield code="r">2025-12-02 00:00:00</subfield>
    <subfield code="i">9</subfield>
    <subfield code="l">8</subfield>
    <subfield code="o">547.3 M12</subfield>
    <subfield code="p">43961</subfield>
    <subfield code="s">2022-05-19</subfield>
    <subfield code="t">e2</subfield>
    <subfield code="w">2015-06-24</subfield>
    <subfield code="x">FIA</subfield>
    <subfield code="y">BK</subfield>
    <subfield code="z">inventario-2023-12-13</subfield>
    <subfield code="1">0</subfield>
    <subfield code="2">ddc</subfield>
    <subfield code="5">0</subfield>
    <subfield code="7">0</subfield>
    <subfield code="8">GEN</subfield>
    <subfield code="f">P26</subfield>
    <subfield code="a">BUL</subfield>
    <subfield code="b">BUL</subfield>
    <subfield code="c">GEN</subfield>
    <subfield code="d">2015-06-24</subfield>
    <subfield code="e">COMPRA</subfield>
  </datafield>
</record>
